Переводы названий иностранных музыкальных групп - Statistics

General Stats
  • This quiz has been taken 34 times
  • The average score is 18 of 51
Answer Stats
Перевод Оригинал % Correct
Поцелуй Kiss
100%
Королева Queen
97%
Да Yes
97%
Двери The Doors
91%
Кто The Who
88%
Животные The Animals
85%
Смерть Death
79%
Автомобили The Cars
79%
Война War
76%
Катящиеся камни The Rolling Stones
64%
Переменный/постоянный ток AC/DC
61%
Орлы Eagles
58%
Призрак Ghost
55%
Яд Poison / Venom
55%
Тёмно-фиолетовый Deep Purple
52%
Железная дева Iron Maiden
52%
Черноглазый горох The Black Eyed Peas
42%
Свинцовый дирижабль Led Zeppelin
39%
Сад звука Soundgarden
36%
Клюква The Cranberries
36%
Инструмент Tool
33%
В пламени In Flames
30%
Враг народа Public Enemy
27%
Ярость против системы Rage Against the Machine
27%
Нежить Голливуда Hollywood Undead
24%
Размякшее печенье Limp Bizkit
24%
Разрушенные тыквы Smashing Pumpkins
24%
Бархатное подполье The Velvet Underground
24%
Убийственная шутка Killing Joke
21%
Девятидюймовые гвозди Nine Inch Nails
21%
Принятие Accept
18%
Алый король King Crimson
18%
6 метров вглубь Six Feet Under
18%
Колыбель мерзости Cradle of Filth
15%
Убийца Slayer
15%
Потомство The Offspring
15%
Кузнецы The Smiths
15%
Сибирская язва Anthrax
12%
Культ голубой устрицы Blue Oyster Cult
12%
Агнец Божий Lamb of God
12%
Скользящий узел Slipknot
12%
Отщепенцы The Misfits
12%
Клякса Blur
9%
Поза безумного клоуна Insane Clown Pose
6%
Столкновение The Clash
6%
Как я умираю As I Lay Dying
3%
Мимолётность Evanescence
3%
Украденные дети Stolen Babies
3%
Марионетки The Stooges
3%
Душители The Stranglers
3%
Соглашение Warrant
3%
No matching quizzes found
Score Distribution
Percent of People with Each Score
Percentile by Number Answered
Your Score History
You have not taken this quiz